Latin America and refugee protection (Record no. 110051)

MARC details
000 -LEADER
campo de control de longitud fija 01759nam a2200445 i 4500
001 - NÚMERO DE CONTROL
campo de control MOR01000110379
003 - IDENTIFICADOR DE NÚMERO DE CONTROL
campo de control $$amxdfmo
005 - FECHA Y HORA DE LA ÚLTIMA TRANSACCIÓN
campo de control 20260331231211.0
008 - DATOS DE LONGITUD FIJA--INFORMACIÓN GENERAL
campo de control de longitud fija 210706s2021 nyu g b 001 0 eng d
020 ## - NÚMERO INTERNACIONAL ESTÁNDAR DEL LIBRO
Número Internacional Estándar del Libro 9781800731141
Información calificativa (encuadernado)
020 ## - NÚMERO INTERNACIONAL ESTÁNDAR DEL LIBRO
ISBN cancelado o inválido 9781800731158
Información calificativa (libro electrónico)
035 ## - NÚMERO DE CONTROL DEL SISTEMA
Número de control de sistema 220222
040 ## - FUENTE DE CATALOGACIÓN
Centro catalogador/agencia de origen mxcmmo
Lengua de catalogación spa
Centro/agencia transcriptor mxcmmo
Normas de descripción rda
041 0# - CÓDIGO DE IDIOMA
Código de lengua del texto/banda sonora o título independiente eng
043 ## - CÓDIGO DE ÁREA GEOGRÁFICA
Código de área geográfica cl-----
045 ## - PERIODO DE TIEMPO DEL CONTENIDO
Código de periodo de tiempo x9y1
082 04 - NÚMERO DE LA CLASIFICACIÓN DECIMAL DEWEY
Número de clasificación 304.81
Número de ítem LAT.a
245 00 - MENCIÓN DEL TÍTULO
Título Latin America and refugee protection
Resto del título : regimes, logics, and challenges/
Mención de responsabilidad, etc. edited by Liliana Lyra Jubilut, Marcia Vera Espinoza and Gabriela Mezzanotti
264 #1 - PRODUCCIÓN, PUBLICACIÓN, DISTRIBUCIÓN, FABRICACIÓN Y COPYRIGHT
Producción, publicación, distribución, fabricación y copyright New York:
Nombre del de productor, editor, distribuidor, fabricante Berghahn,
Fecha de producción, publicación, distribución, fabricación o copyright 2021
300 ## - DESCRIPCIÓN FÍSICA
Extensión xvii, 429 páginas;
Dimensiones 24 cm
336 ## - TIPO DE CONTENIDO
Término de tipo de contenido texto
Código de tipo de contenido txt
Fuente rdacontent
337 ## - TIPO DE MEDIO
Nombre/término del tipo de medio sin medio
Código del tipo de medio n
Fuente rdamedia
338 ## - TIPO DE SOPORTE
Nombre/término del tipo de soporte volumen
Código del tipo de soporte nc
Fuente rdacarrier
490 0# - MENCIÓN DE SERIE
Mención de serie Forced migration
Designación de volumen o secuencia 41
504 ## - NOTA DE BIBLIOGRAFÍA, ETC.
Nota de bibliografía, etc. Nota Incluye referencias bibilográficas e índice
541 0# - NOTA DE FUENTE DE ADQUISICIÓN DIRECTA
Fuente de adquisición Corporación Bibliográfica
Forma de adquisición Compra
650 #7 - PUNTO DE ACCESO ADICIONAL DE MATERIA--TÉRMINO DE MATERIA
Término de materia o nombre geográfico como elemento de entrada Derechos humanos
Subdivisión geográfica Hispanoamérica
Subdivisión general Aspectos migratorios
-- Alocuciones, ensayos, conferencias
9 (RLIN) 199393
650 #7 - PUNTO DE ACCESO ADICIONAL DE MATERIA--TÉRMINO DE MATERIA
Término de materia o nombre geográfico como elemento de entrada Desplazamiento forzado
Subdivisión geográfica Hispanoamérica
Subdivisión general Alocuciones, ensayos, conferencias
9 (RLIN) 197361
650 #7 - PUNTO DE ACCESO ADICIONAL DE MATERIA--TÉRMINO DE MATERIA
Término de materia o nombre geográfico como elemento de entrada Refugiados hispanoamericanos
Subdivisión general Condición jurídica, leyes, etc.
-- Alocuciones, ensayos, conferencias
9 (RLIN) 199394
700 1# - ENTRADA AGREGADA--NOMBRE PERSONAL
Nombre de persona Jubilut, Liliana Lyra
Término indicativo de función/relación editor
9 (RLIN) 199395
700 1# - ENTRADA AGREGADA--NOMBRE PERSONAL
Nombre de persona Mezzanotti, Gabriela
Fechas asociadas al nombre 1974-
Término indicativo de función/relación editor
9 (RLIN) 199396
700 1# - ENTRADA AGREGADA--NOMBRE PERSONAL
Nombre de persona Vera Espinoza, Marcia
Término indicativo de función/relación editor
9 (RLIN) 199397
900 ## - ELEMENTOS DE DATOS A LOCAL, LDA (RLIN)
Nombre de persona CATY
Numeración 30
Títulos y otros términos asociados al nombre 20220331
Lenguaje de la obra MOR01
-- 1305
900 ## - ELEMENTOS DE DATOS A LOCAL, LDA (RLIN)
Nombre de persona LUIS
Numeración 20
Títulos y otros términos asociados al nombre 20220330
Lenguaje de la obra MOR01
-- 1344
900 ## - ELEMENTOS DE DATOS A LOCAL, LDA (RLIN)
Nombre de persona LUIS
Numeración 20
Títulos y otros términos asociados al nombre 20220330
Lenguaje de la obra MOR01
-- 1344
900 ## - ELEMENTOS DE DATOS A LOCAL, LDA (RLIN)
Nombre de persona MARC21
Numeración 40
Títulos y otros términos asociados al nombre 20220825
Lenguaje de la obra MOR01
-- 1045
900 ## - ELEMENTOS DE DATOS A LOCAL, LDA (RLIN)
Nombre de persona VOBO
Numeración 40
Títulos y otros términos asociados al nombre 20220830
Lenguaje de la obra MOR01
-- 1048
904 ## - ELEMENTOS DE DATOS D LOCAL, LDD (RLIN)
a UPDATE
942 ## - ELEMENTOS DE ENTRADA SECUNDARIOS (KOHA)
Código de la institución [OBSOLETO] BK
901 ## - ELEMENTOS DE DATOS A LOCAL LDA (RLIN)
a batch batch
Holdings
Estatus retirado Estado de pérdida Fuente del sistema de clasificación o colocación Estado de daño No para préstamo Colección Biblioteca de origen Biblioteca actual Ubicación en estantería Fecha de adquisición Fuente de adquisición Número de inventario Total de préstamos Signatura topográfica completa Código de barras Visto por última vez Precio de reemplazo Tipo de ítem Koha
    Clasificación Decimal Dewey     Libros (General) Biblioteca Instituto Mora Biblioteca Instituto Mora Regular 31/03/2022   137741   (G)/304.81 LAT.a 33006801141396 03/09/2024 03/09/2024 Libro préstamo regular